| 000 | 00956cam a22002891 4500 | ||
|---|---|---|---|
| 001 | 25701 | ||
| 003 | BD-RjUL | ||
| 005 | 20211209050920.0 | ||
| 008 | 140319s19511946enk 001 0 eng | ||
| 035 | _a(BD-RjUL)25771 | ||
| 035 | _a(OCoLC)392272 | ||
| 040 |
_aDLC _cODaWU _dOCoLC _dNBrockU _dDLC _beng |
||
| 041 | _aeng | ||
| 082 |
_a907 _bCOI 1951 |
||
| 100 | 1 |
_aCollingwood, R. G. _q(Robin George), _d1889-1943. _92835 |
|
| 245 | 1 | 4 |
_aThe idea of history / _cR. G. Collingwood. _nV-7 |
| 260 |
_aOxford : _bClarendon press, _cC1946 [reprinting 1951] |
||
| 300 |
_axxvi, 339 p. ; _c23 cm. |
||
| 500 | _aBased on lectures written in 1936 on the philosophy of history. cf. Editor's preface signed: T. M. Knox. | ||
| 504 | _aincludes index | ||
| 650 | 0 |
_aHistoriography. _978946 |
|
| 650 | 0 |
_aHistory _xPhilosophy. _978947 |
|
| 700 | 1 |
_aKnox, T. M. _q(Thomas Malcolm), _d1900- _eed. _978948 |
|
| 942 |
_2ddc _cBK |
||
| 999 |
_c25701 _d25701 |
||